000 00686nam a2200265Ia 4500
005 20260302115345.0
008 008 260114s9999 xx 000 0 eng d
020 _a9798400618970
037 _aTextbook
040 _aCRL
040 _beng
040 _cCRL
041 _2eng
041 _aeng
084 _qCRL
100 _aWard W. Briggs
_91121394
245 0 _aBiographical Dictionary of North American Classicists
260 _bBloomsbury
260 _bGreenwood
260 _c1994
650 _aLiterary Studies
856 _uhttps://doi.org/10.5040/9798400618970?locatt=label:secondary_bloomsburyCollections
942 _cEBOOK
999 _c1685921
_d1685921